000
00212 a2200109 4500
001
51003
040
_c
Anchieta - Pituba
240
1
0
_a
Talentos 2009
_l
245
1
0
_a
Talentos 2009
650
4
_a
Música
942
_c
MX
999
_c
51003
_d
51003